000
00298nam a2200121Ia 4500
005
20260328101517.0
008
260328s9999||||xx |||||||||||||| ||und||
245
4
_a
The Pictorial Guide to the Tower of London /
260
_b
Pitkin
300
_a
32 p.
650
_a
ARQUITECTURA REGIONAL
942
_c
BK
999
_c
9431
_d
9431